| 000 | 01453nam a22004211i 4500 | ||
|---|---|---|---|
| 001 | 193047 | ||
| 003 | SpMaBN | ||
| 005 | 20250630060300.0 | ||
| 007 | ta | ||
| 008 | 230726s1979 sp spa | ||
| 016 | 7 |
_abimoBNE19982225337 _zIND9200400498 _2SpMaBN |
|
| 017 |
_aM 20314-1979 _bOficina Depósito Legal Madrid |
||
| 020 | _a8473861345 | ||
| 035 | _a(OCoLC)733193538 | ||
| 035 | _abimo0000976061 | ||
| 040 |
_aSpMaBN _bspa _cA2 _dES-Ma-ACL |
||
| 080 | _a820-31"19" | ||
| 100 | 0 |
_aHaley, Alex _0XX1641407 _961537 |
|
| 245 | 1 | 0 |
_aRaíces / _c[por] Alex Haley ; [traducción del inglés Rolando Costa Picazo] |
| 250 | _a11ª ed. | ||
| 260 |
_aMadrid : _bUltramar, _c1979 |
||
| 300 |
_a520 p. ; _c23 cm |
||
| 336 |
_2rdacontent _aTexto |
||
| 337 |
_2rdamedia _asin mediación |
||
| 338 |
_2rdacarrier _avolumen |
||
| 490 | 1 |
_aUltramar ; _v177 |
|
| 500 | _aCatalogación provisional. Signatura: N 8544. Depósito J. | ||
| 655 | 7 |
_aNovelas históricas _2tgfbne _9226782 |
|
| 700 | 1 |
_aCosta Picazo, Rolando _9233861 |
|
| 830 |
_aUltramar ; _v177 _9233862 |
||
| 852 |
_aES-MaACL _bR 152532 _cDEPOJ _jN 8544 _hDonación: José Lázaro _zEn proceso _9200352 |
||
| 942 |
_n0 _cMONOGRAFIA |
||
| 999 |
_c193047 _d193047 |
||